It looks like you're offline.
Open Library logo
additional options menu

MARC record from Internet Archive

LEADER: 04318cam 2201069 i 4500
001 ocm28114689
003 OCoLC
005 20200827044945.0
008 930427r19931993enkab j 001 0 eng
010 $a 93022419
040 $aDLC$beng$erda$cDLC$dOCLCQ$dBAKER$dBTCTA$dYDXCP$dXY4$dUKV3G$dUKM$dNZPSL$dAU@$dCNMMP$dOCLCO$dOCLCA$dOCLCF$dOCLCQ$dOCLCO$dYAM$dOCLCO$dOCL$dOCLCO$dD8D$dOCLCQ$dCSJ$dVBO$dOCLCQ$dCD5$dOCLCQ$dBRL$dTXFRA$dJDP$dOCLCQ$dCPO$dOCLCO$dOCLCQ$dOCL
015 $aGB9428923$2bnb
019 $a30400627$a60106697$a679769701
020 $a1564583368
020 $a9781564583369
020 $a0751310344
020 $a9780751310344
020 $a0773727515
020 $a9780773727519
035 $a(OCoLC)28114689$z(OCoLC)30400627$z(OCoLC)60106697$z(OCoLC)679769701
050 00 $aQB68$b.E94 1993
050 4 $aQB68$b.V57 1993
060 4 $a520.3 Vis
082 00 $a520/.3$220
245 04 $aThe visual dictionary of the universe.
246 30 $aUniverse
250 $aFirst American edition.
264 1 $aLondon ;$aNew York :$bDorling Kindersley,$c1993.
264 2 $aBoston :$bDistributed by Houghton Mifflin
264 4 $c©1993
300 $a64 pages :$billustrations (chiefly color), maps (chiefly color) ;$c32 cm.
336 $atext$btxt$2rdacontent
336 $astill image$bsti$2rdacontent
336 $acartographic image$bcri$2rdacontent
337 $aunmediated$bn$2rdamedia
338 $avolume$bnc$2rdacarrier
490 1 $aEyewitness visual dictionaries
500 $aIncludes index.
505 0 $aThe universe -- Galaxies -- The Milky Way -- Nebulae and star clusters -- Stars of northern skies -- Stars of southern skies -- Stars -- Small stars -- Massive stars -- Neutron stars and black holes -- The solar system -- The Sun -- Mercury -- Venus -- The Earth -- The Moon -- Mars -- Jupiter -- Saturn -- Uranus -- Neptune and Pluto -- Asteroids, comets, and meteoroids -- Observing space --- Manned space exploration -- Lunar exploration -- Astronomical data -- Glossary -- Index -- Acknowledgments.
520 $aPhotographs, graphic illustrations, and text explain the workings of the universe, covering black holes, galaxies, quasars, nebulae, and each planet of the solar system.
650 0 $aAstronomy$vPictorial works.
650 0 $aCosmology$vPictorial works.
650 0 $aAstronomy$vPopular works.
650 0 $aAstronomy$vTerminology.
650 0 $aPicture dictionaries, English.
651 1 $aUniverse.
650 1 $aCosmology.
650 7 $aAstronomy.$2fast$0(OCoLC)fst00819673
650 7 $aCosmology.$2fast$0(OCoLC)fst00880600
650 7 $aPicture dictionaries, English.$2fast$0(OCoLC)fst01063744
650 7 $aAstronomy$vPictorial works.$2sears
650 7 $aAstronomy.$2sears
653 0 $aUniverse
655 7 $aIllustrated works.$2fast$0(OCoLC)fst01423873
655 7 $aPictorial works.$2fast$0(OCoLC)fst01423874
655 7 $aPopular works.$2fast$0(OCoLC)fst01423846
655 7 $aTerminology.$2fast$0(OCoLC)fst01423880
655 7 $aIllustrated works.$2lcgft
710 2 $aDorling Kindersley Limited,$eissuing body.
830 0 $aEyewitness visual dictionaries.
938 $aBaker & Taylor$bBKTY$c18.99$d14.24$i1564583368$n0002316393$sactive
938 $aBaker and Taylor$bBTCP$n93022419$c$15.95
938 $aYBP Library Services$bYANK$n1199560
029 1 $aAU@$b000010053412
029 1 $aAU@$b000010297647
029 1 $aNOK$b0751310344
029 1 $aNZ1$b4289793
029 1 $aNZ1$b4374499
029 1 $aUKBCI$b020215533
029 1 $aUKBCI$b08945278X
029 1 $aUKBLP$b1871854709
029 1 $aUKBNS$b020215533
029 1 $aUKBNS$b08945278X
029 1 $aUKBRU$b0996982
029 1 $aUKDEL$b08945278X
029 1 $aUKDON$b0751310344
029 1 $aUKDOR$b08945278X
029 1 $aUKMDD$bJ009303803
029 1 $aUKPTR$b0751310344
029 1 $aUKSCO$b020215533
029 1 $aUKSCO$b08945278X
029 1 $aUKSGC$b020215533
029 1 $aUKSGC$b08945278X
029 1 $aUKSOM$b020215533
029 1 $aUKSOM$b08945278X
029 1 $aUNITY$b020215533
029 1 $aUNITY$b04543803X
029 1 $aUNITY$b054764211
029 1 $aUNITY$b08945278X
029 1 $aYDXCP$b1199560
994 $aZ0$bP4A
948 $hHELD BY P4A - 888 OTHER HOLDINGS